| 000 | 00577nam a2200205 b 4500 | ||
|---|---|---|---|
| 003 | OSt | ||
| 005 | 20151124161544.0 | ||
| 008 | 970903s1998 sp | ||| ||spa | ||
| 020 | _a84-204-2862-0 | ||
| 040 | _cBMC | ||
| 082 | _a869.8991 | ||
| 100 | 1 |
_aSaramago, José _d1922-2010 _929690 |
|
| 245 | 1 | 0 |
_aCuadernos de Lanzarote _b: (1993-1995) _cJosé Saramago ; traducción, Eduardo Naval |
| 250 | _a3ª ed | ||
| 260 |
_aMadrid _bAlfaguara _c1998 |
||
| 300 |
_a656 p. _c22 cm |
||
| 650 | 2 | 4 |
_929444 _aNovela portuguesa |
| 700 | 1 |
_937449 _aNaval, Eduardo |
|
| 942 |
_2ddc _cBK |
||
| 999 |
_c23679 _d23679 |
||